Loading...
| RR | 2 | 1 | 0 | 0 | 40 | 36 | 56.67 | 2 | 3 | 0.00 | 0.00 |
| AG | 0 | 4 | 1 | 2 | 35 | 110 | 123.25 | 0 | 0 | 0.00 | 0.00 |
| AW | 0 | 2 | 0 | 0 | 20 | 95 | 101.00 | 0 | 1 | 0.00 | 0.00 |
| BB | 1 | 2 | 3 | 0 | 20 | 49 | 81.67 | 1 | 2 | 0.00 | 0.00 |
| AR | 0 | 2 | 0 | 1 | 20 | 86 | 103.50 | 0 | 1 | 0.00 | 0.00 |
| TR | 0 | 2 | 0 | 0 | 20 | 115 | 116.50 | 0 | 1 | 0.00 | 0.00 |
| DM | 0 | 1 | 0 | 0 | 10 | 96 | 96.00 | 0 | 1 | 0.00 | 0.00 |
| RR | internet service | 15 | 36 |
| BB | atomic nuclei | 15 | 49 |
| RR | facial recognition | 15 | 56 |
| RR | databases | 10 | 78 |
| AR | clarinet | 10 | 86 |
| BB | vomiting | 10 | 92 |
| BB | planetary migration | -5 | 93 |
| AW | juggling | 10 | 95 |
| DM | Portuguese India | 10 | 96 |
| BB | birds | 10 | 104 |